000 004950000a22001210004500
773 0 _tBoletín Teológico
100 1 _aKirk, J. Andrés
245 1 0 _aEl proceso del quehacer teológico: el origen de la riqueza acumulada: una reflexión hermenéutica
300 _aVol.0, núm.2 (1981), Páginas 17-49
520 _aIntroducción I.La tesis marxista sobre la reiqueza acumulada II.Un análisis hermenéutico de la tesis marxista
650 1 4 _aTEOLOGÍA-RIQUEZA TEOLOGÍA-RIQUEZAS
942 _cANA
999 _c62729
_d62729